00490nam a22002051 4500001001300000003000400013005001700017008004100034010001700075025001900092050001400111082000800125100002100133245002600154260003900180300002400219350000900243650001500252999001700267sa 68000629 DLC20260227112425.0710901s1967 ii 00000 eng  asa 68000629  aPL480:I-E-89050 aHM51b.P7 a30110aPrasad, Ayodhya.14aThe basis of society.0 aBombay,bPopular Prakashanc[1967] axii, 104 p.c22 cm. aRs15 0aSociology. c77342d77342